Normal view MARC view
  • Feito Alonso, Rafael,

Entry Nombre Personal

Number of records used in: 17

001 - NUMERO DE CONTROL

  • campo de control: 37369

003 - IDENTIFICADOR DE NUMERO DE CONTROL

  • campo de control: DLC

005 - FECHA Y HORA DE LA ÜLTIMA TRANSACCIÓN

  • campo de control: 20230301113110.0

008 - DATOS DE LONGITUD FIJA

  • campo de control de longitud fija: 230301n| azannaabn |a aaa

010 ## - NÚMERO DE CONTROL DE LA BIBLIOTECA DEL CONGRESO

  • Número de control LC: n 96080745

035 ## - NUMERO DE CONTROL

  • Número de control: (OCoLC)oca04144087

040 ## - FUENTE DE CATALOGACIÓN

  • Agencia original de catalogación: DLC
  • Lenguaje de catalogación: spa
  • Description conventions: rda
  • Agencia de transcripción: DLC
  • Agencia que lo modifica: OCoLC
  • Agencia que lo modifica: NcD
  • Agencia que lo modifica: MX-MxUPN

046 ## - FECHAS CON CODIFICACIÓN ESPECIAL

  • Fecha de nacimiento: 1961-06-23
  • Fuente del formato de fecha: edtf

100 1# - ENCABEZAMIENTO - NOMBRE PERSONAL

  • Nombre personal: Feito Alonso, Rafael,
  • Fechas asociadas con el nombre: 1961-

370 ## - LUGAR ASOCIADO

  • Place of birth: Madrid (España)
  • Fuente del término: naf

372 ## - CAMPO DE ACTIVIDAD

  • Field of activity: Sociología de la educación

373 ## - GRUPO ASOCIADO

  • Associated group: Universidad Complutense de Madrid
  • Fuente del término: naf

374 ## - OCUPACIÓN

  • Occupation: Profesor universitario
  • Occupation: Sociólogo

377 ## - LENGUA ASOCIADA

  • Language code: spa

400 1# - VEÁSE - NOMBRE DE PERSONA

  • Personal name: Alonso, Rafael Feito

400 1# - VEÁSE - NOMBRE DE PERSONA

  • Personal name: Feito, Rafael

670 ## - FUENTE EN LA QUE SE LOCALIZARON DATOS

  • Cita de la fuente: Estructura social contemporánea, 1995:
  • Información localizada: portada (Rafael Feito Alonso) página 4 de la cubierta (profesor de sociología Univ. Complutense de Madrid)

670 ## - FUENTE EN LA QUE SE LOCALIZARON DATOS

  • Cita de la fuente: Aprendiendo a trabajar, 2017:
  • Información localizada: portada (traducción de Rafael Feito)

670 ## - FUENTE EN LA QUE SE LOCALIZARON DATOS

  • Cita de la fuente: Author's CV on Univ. Complutense de Madrid website, viewed Aug. 29, 2019
  • Información localizada: (Rafael Feito Alonso; b. June 23, 1961 in Madrid; sociology professor at Univ. Complutense; lic. in sociology from UCM, 1984; Ph.D. in sociology from UCM, 1991; areas of specialization include youth, sociology of education, vocational education)

902 ## - CATALOGADOR

  • Catalogador: NDAF/010323